00237nam a22000737a 4500008004100000040005500041245002800096260003900124230309b |||||||| |||| 00| 0 eng d aNational Science LibrarycNational Science Library aSaket industrial digest aAhmedabad: bSuhasini Vyas, c1998